QUALITY VIBRATORS AND THEIR APPLICATIONS (Record no. 582269)

000 -LEADER
fixed length control field 00271nam a22001097a 4500
082 ## - DEWEY DECIMAL CLASSIFICATION NUMBER
Classification number 620.198 VIG'O
100 ## - MAIN ENTRY--PERSONAL NAME
Personal name VIGOUREUX, P,BOOTH, C.F
9 (RLIN) 76958
245 ## - TITLE STATEMENT
Title QUALITY VIBRATORS AND THEIR APPLICATIONS
260 ## - PUBLICATION, DISTRIBUTION, ETC.
Place of publication, distribution, etc. LONDON
Name of publisher, distributor, etc. MAJESTICS
Date of publication, distribution, etc. 1950
300 ## - PHYSICAL DESCRIPTION
Extent 371P
942 ## - ADDED ENTRY ELEMENTS (KOHA)
Koha item type Book
Holdings
Withdrawn status Lost status Damaged status Not for loan Permanent Location Current Location Shelving location Date acquired Total Checkouts Full call number Barcode Date last seen Price effective from Koha item type
        College of Electrical & Mechanical Engineering (CEME) College of Electrical & Mechanical Engineering (CEME) General Stacks 06/02/2017   620.198 VIG'O CEME-10753 06/28/2021 06/28/2021 Book
© 2023 Central Library, National University of Sciences and Technology. All Rights Reserved.